Chalo Delhi: (Record no. 181770)

MARC details
000 -LEADER
fixed length control field 00587nam a22001817a 4500
005 - DATE AND TIME OF LATEST TRANSACTION
control field 20211101161735.0
010 ## - LCCN (DPL NO)
LC control number EN230921
020 ## - INTERNATIONAL STANDARD BOOK NUMBER
International Standard Book Number 9789354420412
Terms of availability 295.00
037 ## - SOURCE OF ACQUISITION
Source of stock number/acquisition Orient Blackswan
100 ## - MAIN ENTRY--PERSONAL NAME
Personal name Bose, Subhas Chandra
245 ## - TITLE STATEMENT
Title Chalo Delhi:
Remainder of title writings and speeches 1943-1945 /
Statement of responsibility, etc by Subhas Chandra Bose ; edited by Sisir K. Bose [and] Sugata Bose
260 ## - PUBLICATION, DISTRIBUTION, ETC. (IMPRINT)
Place of publication, distribution, etc Hyderabad
Name of publisher, distributor, etc Orient Blackswan
Date of publication, distribution, etc 2021
270 ## - ADDRESS
Address 3-6-752, Himayatnagar
City Hyderabad
Postal code 500029
300 ## - PHYSICAL DESCRIPTION
Extent xx, 450p.
Dimensions 22cm(pbk)
700 ## - ADDED ENTRY--PERSONAL NAME
Personal name Bose, Sisir K.
700 ## - ADDED ENTRY--PERSONAL NAME
Personal name Bose, Sugata
942 ## - ADDED ENTRY ELEMENTS (KOHA)
Source of classification or shelving scheme Dewey Decimal Classification
Item type English Books
Call number suffix BOS

No items available.


© Delhi Public Library
Hit Counter
free hit counter